|
|
|
|
| LEADER |
00000nam a2200000Ia 4500 |
| 008 |
180911b2002 cr ||||| |||| 00| | spa d |
| 999 |
|
|
|c 2337
|d 2337
|
| 090 |
|
|
|a 19.01.02
|b 364
|
| 100 |
1 |
|
|a Ramírez Romero, José Luis
|9 4214
|
| 245 |
1 |
3 |
|a La incorporación de las nuevas tecnologías de la información y de la comunicación en la educación latinoamericana : un análisis comparativo (caso de Costa Rica) /
|c José Luis Ramírez Romero; Alicia Gurdián Fernández
|
| 260 |
|
|
|a San José, Costa Rica :
|b IIMEC,
|c 2002
|
| 300 |
|
|
|a 170 hojas
|
| 650 |
1 |
4 |
|a TECNOLOGÍA DE LA INFORMACIÓN
|9 484
|
| 650 |
1 |
4 |
|a NUEVA TECNOLOGÍA
|9 2053
|
| 650 |
1 |
4 |
|a TECNOLOGÍA EDUCATIVA
|9 483
|
| 700 |
1 |
|
|9 169
|a Gurdián Fernández, Alicia
|
| 942 |
|
|
|i 00592
|h 19.01.02 364
|2 z
|c 04
|